LDR 01005naa#a2200181#i#450# 001 RU\\bibl\19976 005 20260701215927.3 100 ## _a20260630b2026####ek#y0rusy0150####ca 102 ## _aRU 200 1# _aИНФОРМАЦИОННЫЕ СИСТЕМЫ ПОДДЕРЖКИ ПРИНЯТИЯ РЕШЕНИЙ В РОЗНИЧНОЙ ТОРГОВЛЕ НА ОСНОВЕ АНАЛИЗА ДАННЫХ _eСтатья/тезисы конференции 210 1# _aВоронеж _cВоронежский государственный лесотехнический университет имени Г.Ф. Морозова _d2026 215 ## _a6 с. 608 ## _aСтатья/тезисы конференции _2local 675 ## _aИнформационные технологии. Компьютерные технологии. Теория вычислительных машин и систем. 004 _z 700 #1 _aЛуцко _gД. П. 700 #1 _aБуздин _gВ. Э. 700 #1 _aАвдеев _gК. А. 856 4# _abibl.vgltu.ru _u